Geography Quiz

Random Geography or City Quiz

Find 7 Cities: Italy Quiz Stats

 Plays Quiz Updated Sep 24, 2019

Score 0/7 Timer 02:30
19 Plays Today
% Correct
Rome
89.3%
Venice
89.1%
Naples
86.7%
Florence
85.5%
Palermo
84.4%
Milan
82.8%
Cagliari
82.7%

You're not logged in!

Compare scores with friends on all Sporcle quizzes.
OR
Log In

Sporcle TV

Today on Sporcle TV


Watch our educational content, quiz creation guides, and fun videos on Sporcle TV.

Show Comments

Extras

Top Quizzes Today


Score Distribution

Your Account Isn't Verified!

In order to create a playlist on Sporcle, you need to verify the email address you used during registration. Go to your Sporcle Settings to finish the process.

Report this User

Report this user for behavior that violates our Community Guidelines.

Details: